000 00333nam a2200133 i 4500
001 bg
100 1 _aZALEWSKI, Józef
245 0 _aBibliografia pedagogiki szkoły wyższej za rok 1982 /
_cJ. Zalewski.
260 _aWarszawa,
_c1985.
040 _cBPK
041 _apol
942 _cKS
008 s pl f |000 0 pol
999 _c28414
_d28414
856 _uhttp://koha.tu.koszalin.pl/cgi-bin/koha/opac-detail.pl?biblionumber=28414
_yKatalog online BPK